Famous women of Karnataka. (Record no. 86172)
[ view plain ]
| 000 -LEADER | |
|---|---|
| fixed length control field | 00395nam a2200145Ia 4500 |
| 008 - FIXED-LENGTH DATA ELEMENTS--GENERAL INFORMATION | |
| fixed length control field | 210210b1975 xxu||||| |||| 00| 0 eng d |
| 082 ## - DEWEY DECIMAL CLASSIFICATION NUMBER | |
| Classification number | 920.720954 SHAF |
| 100 ## - MAIN ENTRY--PERSONAL NAME | |
| Personal name | SHARADAMMA (M). |
| 245 ## - TITLE STATEMENT | |
| Title | Famous women of Karnataka. |
| 260 ## - PUBLICATION, DISTRIBUTION, ETC. | |
| Place of publication, distribution, etc. | Mysore. |
| Name of publisher, distributor, etc. | Smt B.S. Girija, Tarini, Saraswatthipuram., |
| Date of publication, distribution, etc. | 1975 |
| 300 ## - PHYSICAL DESCRIPTION | |
| Extent | ix,223 |
| 650 ## - SUBJECT ADDED ENTRY--TOPICAL TERM | |
| Topical term or geographic name entry element | Women Karnataka<br/><br/> |
| 690 ## - LOCAL SUBJECT ADDED ENTRY--TOPICAL TERM (OCLC, RLIN) | |
| Topical term or geographic name as entry element | Biography |
| 906 ## - LOCAL DATA ELEMENT F, LDF (RLIN) | |
| a | 035195 |
| Withdrawn status | Lost status | Source of classification or shelving scheme | Damaged status | Not for loan | Collection code | Home library | Current library | Shelving location | Date acquired | Source of acquisition | Cost, normal purchase price | Total Checkouts | Full call number | Barcode | Date last seen | Price effective from | Koha item type |
|---|---|---|---|---|---|---|---|---|---|---|---|---|---|---|---|---|---|
| Dewey Decimal Classification | History | St Aloysius Library | St Aloysius Library | Secondary stack section | 02/17/2021 | Athree Book Centre, Mangalore-01. | 15.00 | 920.720954 SHAF | 035195 | 02/17/2021 | 02/17/2021 | Book |